Harry Potter Trivia - Statistics

General Stats
  • This quiz has been taken 1,348 times
    1,341 since last reset
  • The average score is 15 of 16
Answer Stats
Hint Answer % Correct
How many films have been made? 8
98%
What is Hedwig? An owl
98%
What species is Dobby? House elf
98%
Who Kills Dumbledore? Severus Snape
98%
Harry Potter's god father Sirius Black
98%
Who plays Harry Potter? Daniel Radcliffe
97%
Harry Potter's female friend Hermione Granger
97%
Harry Potters worst enemy Lord Voldemort
96%
House #3 Hufflepuff
95%
What sport does Harry Potter play? Quidditch
95%
House #4 Ravenclaw
95%
Rupert Grint's character Ron Weasley
95%
House #1 Slytherin
95%
Lord Voldemorts snake Nagini
94%
House #2 Gryffindor
92%
Who is Peeves? Poltergeist
85%
No matching quizzes found
Score Distribution
Percent of People with Each Score
Percentile by Number Answered
Your Score History
You have not taken this quiz since the last reset